| Поле | Инд. | ПП | Название | Значение |
|---|---|---|---|---|
| Тип записи | a | |||
| Библиографический уровень | m | |||
| 001 | Контрольный номер | 91f03800d69e47c2967a8e5fe70a880a | ||
| 005 | Дата корректировки | 20260330094515.5 | ||
| 020 | a | ISBN | 978-5-534-00974-3 | |
| 040 | b | Код языка каталог. | rus | |
| 041 | 0_ | a | Код языка текста | rus |
| 084 | a | Индекс другой классификации/Индекс ББК | 60.561.2я73 | |
| 100 | 1_ | a | Автор | Зарубина Н. Н. |
| q | Полное имя | Зарубина Наталья Николаевна | ||
| 245 | 10 | a | Заглавие | Экономическая социология |
| b | Продолж. заглавия | учебник и практикум для вузов | ||
| c | Ответственность | рецензенты З. Т. Голенкова, С. А. Кравченко | ||
| 250 | a | Основные сведения об издании | 3-е изд. | |
| 260 | a | Место издания | Москва | |
| b | Издательство | Юрайт | ||
| c | Дата издания | 2024 | ||
| 300 | a | Объем | 378 с. | |
| 336 | a | Термин вида содержания | Текст | |
| 337 | a | Термин типа средства | электронный | |
| 440 | _0 | a | Серия | Высшее образование |
| 650 | 04 | a | Основная рубрика | экономическая социология; социология |
| 653 | 0_ | a | Ключевые слова | глобализация |
| a | Ключевые слова | предпринимательство | ||
| a | Ключевые слова | рынок | ||
| a | Ключевые слова | социальная ответственность бизнеса | ||
| a | Ключевые слова | социальное неравенство | ||
| a | Ключевые слова | теневая деятельность | ||
| a | Ключевые слова | трудовые отношения | ||
| a | Ключевые слова | финансовое поведение | ||
| a | Ключевые слова | хозяйственная деятельность | ||
| a | Ключевые слова | хозяйственная культура | ||
| 655 | a | Жанр/ форма (устаревшее) | учебное пособие | |
| 700 | 12 | a | Автор | Голенкова З. Т. |
| e | Роль лиц | рецензент | ||
| 700 | 12 | a | Автор | Кравченко С. А. |
| e | Роль лиц | рецензент | ||
| 856 | 40 | a | Имя сервера/домена | ЭБС ЮРАЙТ |
| d | Путь | https://urait.ru | ||
| i | Указания/сценарий входа | Доступ по логину и паролю | ||
| u | URL | https://urait.ru/bcode/536030 | ||
| v | Время доступа к ресурсу | 25.03.2027 | ||
| y | Справочный текст | Электронная версия | ||
| 900 | a | Имя электронного ресурса | obl_ekonomicheskaya_sotsiologiya | |
| x | Справочная информация | Обложка | ||
| 900 | x | Справочная информация | Полный текст | |
| 901 | t | Тип документа | 0 | |
| 952 | a | Тип литературы для КСУ ВШ | УИ |